000 00260nam a2200085Ia 4500
008 220204s9999 xx 000 0 und d
082 _aNR:063IR`1999'
_bIRR
245 0 _aPapers presented at IRRDB Workshop, China, 1999. Rubber Chemistry and Technology
942 _cBK
999 _c44162
_d44162